| 000 | 01586nam a2200217Ia 4500 | ||
|---|---|---|---|
| 003 | Ost | ||
| 005 | 20260507075112.0 | ||
| 008 | 260507s9999||||xx |||||||||||||| ||und|| | ||
| 020 | _a9773280551 | ||
| 040 | _cfsecg | ||
| 041 | _aara | ||
| 082 | _a330 | ||
| 100 |
_aحشيش، عادل أحمد _eمؤلف |
||
| 245 | 0 |
_aأساسيات علم الاقتصاد : _bمدخل لدراسة أصول الإقتصاد السياسي وفقا للمبادئ السائدة للنظم الإقتصادية المقارنة / _c عادل أحمد حشيش |
|
| 260 |
_aالاسكندرية: _bدار الجامعة الجديدة للنشر, _c2001 |
||
| 300 |
_a704 صفحة؛ _bإيضاحات ؛ _c25 سم |
||
| 520 | _aالتعريف بالإقتصاد السياسي كعلم اجتماعي في ضوء المشكلة الإقتصادية كمحدد عام لنطاقه الموضوعي- المعرف والقوانين الإقتصادية اللآزمة للتعرف على النشاط الإقتصادي بالمجتمع والاصول المتطلdة لضمان استمرار وتجدد دورة الأنتاج والتوزيع في نطاقه على نحو رشيد- المشكلة الإقتصادية وكيفية حل المجتمعات الرأسمالية والإشتراكية لها وفقا للأصول المتعارف عليها في اقتصاديات النظامين الرأسمالي والإشتراكي عن السوق والتخطيط. | ||
| 653 | _aعلم الإقتصاد | ||
| 700 |
_aسوزي عدلي، ناشد _eمؤلف ثانوي |
||
| 942 | _cكتاب | ||
| 999 |
_c42927 _d42927 |
||